Nordic trivia quiz - Statistics

General Stats
  • This quiz has been taken 50 times
  • The average score is 11 of 15
Answer Stats
Hint Answer % Correct
Capital of Iceland Reykjavik
98%
Capital of Sweden Stockholm
93%
Sea Finland borders Baltic
91%
Danish autonomous territory in the Americas Greenland
91%
Symbol all Nordic flags have Nordic Cross
91%
Area containing Denmark, Sweden, and Norway Scandinavia
85%
Country that wants to be Nordic Estonia
83%
Group of Nordic pirates starting in around 1000 AD Vikings
80%
Official language of Finland aside from Finnish Swedish
74%
City that Copenhagen surpassed in most bike friendly capital city (not in the Nordic region) Amsterdam
72%
In the colonizing of Iceland, Nordic men kidnapped women from… Ireland/ United Kingdom
65%
Peninsula most of Denmark lies on Jutland
54%
Danish author Hans Christian Andersen
52%
Norwegian island territory north of Norway Svalbard
52%
Official language of Norway aside from Norwegian Sami
41%
No matching quizzes found
Score Distribution
Percent of People with Each Score
Percentile by Number Answered
Your Score History
You have not taken this quiz